ऊँचा चाँद : (Record no. 111673)

MARC details
000 -LEADER
fixed length control field 01218nam a22002657a 4500
005 - DATE AND TIME OF LATEST TRANSACTION
control field 20170124102927.0
010 ## - LIBRARY OF CONGRESS CONTROL NUMBER
LC control number A-717109
020 ## - INTERNATIONAL STANDARD BOOK NUMBER
Terms of availability 200.00
International Standard Book Number 8185720010
035 ## - SYSTEM CONTROL NUMBER
System control number A-717109
037 ## - SOURCE OF ACQUISITION
Source of stock number/acquisition Cen Lib/Ret
040 ## - CATALOGING SOURCE
Original cataloging agency DPL
Language of cataloging HN
082 ## - DEWEY DECIMAL CLASSIFICATION NUMBER
Classification number
Item number टेक्तोफो
100 ## - MAIN ENTRY--PERSONAL NAME
Personal name टेक्तो फो
9 (RLIN) 109327
245 ## - TITLE STATEMENT
Title ऊँचा चाँद :
Statement of responsibility, etc टेक्तो फो; अनुवादक चन्द्रप्रकाश प्रभाकर
Remainder of title भूरे मेघ /
246 ## - VARYING FORM OF TITLE
Title proper/short title Uncha chand : bhoore megh /
Remainder of title by Tekton Fo; anuvadak Chanderprakash Prabhakar
260 ## - PUBLICATION, DISTRIBUTION, ETC. (IMPRINT)
Place of publication, distribution, etc नयी दिल्ली
Name of publisher, distributor, etc इरावदी प्रकाशन
Date of publication, distribution, etc 1994
270 ## - ADDRESS
Address सी-487, व्कस्पुरी, नयी दिल्ली
City नयी दिल्ली
Postal code 110018
300 ## - PHYSICAL DESCRIPTION
Extent 270पृ.
Dimensions 20सेमी(सजिल्द)
650 ## - SUBJECT ADDED ENTRY--TOPICAL TERM
Topical term or geographic name as entry element हिंदी साहित्य
9 (RLIN) 109328
650 ## - SUBJECT ADDED ENTRY--TOPICAL TERM
Topical term or geographic name as entry element हिंदी उपन्यास
9 (RLIN) 109329
650 ## - SUBJECT ADDED ENTRY--TOPICAL TERM
Topical term or geographic name as entry element Hindi literature
9 (RLIN) 109330
650 ## - SUBJECT ADDED ENTRY--TOPICAL TERM
Topical term or geographic name as entry element Hindi fiction
9 (RLIN) 27248
700 ## - ADDED ENTRY--PERSONAL NAME
Personal name प्रभाकर, चंदरप्रकाश
9 (RLIN) 43015
942 ## - ADDED ENTRY ELEMENTS (KOHA)
Source of classification or shelving scheme Dewey Decimal Classification
Koha item type Hindi Books
Classification part
Call number suffix टेक्तोफो
Holdings
Withdrawn status Lost status Damaged status Not for loan Home library Current library Date acquired Source of acquisition Cost, normal purchase price Total Checkouts Full call number Barcode Date last seen Copy number Cost, replacement price Price effective from Koha item type
        Central Library Central Library 05/08/2015 Cen Lib/Ret 200.00   उ टेक्तोफो A-717109 05/08/2015 1 200.00 05/08/2015 Hindi Books

© Delhi Public Library
Hit Counter
free hit counter